000 00458cam a2200193ua 4500
001 6387
008 131205n ii |||gr||||Z||||||eng
020 _a978-81-272-4659-4
040 _cMAIN
082 _a510
245 _aMathematics
_cBy N.K. Nag
260 _aLudhiana:
_bKalyani publishers,
_c2003.
300 _ax,625p.
653 _aCommerce
653 _aMathematics
700 _aNag,N.K.,
_eAuthor.,
700 1 _aNag,S.K.,
_eAuthor.
942 _cBK
999 _c5537
_d5537